000 00366nam a2200133Ia 4500
005 20260328101447.0
008 260328s9999||||xx |||||||||||||| ||und||
100 _aWilk, Christopher
245 0 _aMarcel Breuer :
_b Furniture and Interiors /
_cChristopher Wilk
260 _bThe Museum of Modern Art
300 _a192 p.
650 _aDISEÑO INDUSTRIAL
942 _cBK
999 _c8504
_d8504